A full relation of all the late proceedings of His Majesties Army in the county of Yorke: : with the present state and condition of things there. Declaring His Majesties intention to advance his standard at Nottingham the 20 of August, and by proclamation to command all mens attendance on his person: with the number of his Army, horse and foot. Also the propositions of the malignant-party, by them now daily treated on for effecting of their mischievous designes; contrary to the laws of the land, and the liberty of the subject. Likewise how divers gentlemens houses in that county have beene lately pillaged by the troopers belonging to His Majestie. And lastly, certaine considerations towards the redresse of these groaning evils, securing the county, and preservation of the peacable subjects therein. As it was sent in a letter to Sir Philip Stapleton Knight, and by him presented to both Houses of Parliament. August 19. 1642. Ordered by the Lords in Parliament, that this letter be forthwith printed and published. J. Brown Cler. Parliamentorum.

Bibliographic Details
Corporate Author: England and Wales. Parliament. House of Lords (Author)
Other Authors: Stapleton, Philip, Sir, 1603-1647
Format: eBook
Language:English
Published: London : Printed for Iohn Wright, 1642.
Series:Early English books online.
Subjects:
Online Access:Connect to the full text of this electronic book

MARC

Tag First Indicator Second Indicator Subfields
LEADER 00000nam a2200000 4500
001 in00004283621
005 20200813080447.0
006 m g d
007 cr bn |||a|bb|
008 940207s1642 enk o 00| | eng d
035 |a (UnM)99865417 
037 |a CL0051000001  |b ProQuest Information and Learning. 300 N. Zeeb Rd., Ann Arbor, MI 48106 
040 |a Cu-RivES  |c Cu-RivES  |d CStRLIN  |e dcrb  |d WaOLN 
245 0 2 |a A full relation of all the late proceedings of His Majesties Army in the county of Yorke: :  |b with the present state and condition of things there. Declaring His Majesties intention to advance his standard at Nottingham the 20 of August, and by proclamation to command all mens attendance on his person: with the number of his Army, horse and foot. Also the propositions of the malignant-party, by them now daily treated on for effecting of their mischievous designes; contrary to the laws of the land, and the liberty of the subject. Likewise how divers gentlemens houses in that county have beene lately pillaged by the troopers belonging to His Majestie. And lastly, certaine considerations towards the redresse of these groaning evils, securing the county, and preservation of the peacable subjects therein. As it was sent in a letter to Sir Philip Stapleton Knight, and by him presented to both Houses of Parliament. August 19. 1642. Ordered by the Lords in Parliament, that this letter be forthwith printed and published. J. Brown Cler. Parliamentorum. 
260 |a London :  |b Printed for Iohn Wright,  |c 1642. 
300 |a 1 online resource ([8] pages) 
336 |a text  |b txt  |2 rdacontent 
337 |a computer  |b c  |2 rdamedia 
338 |a online resource  |b cr  |2 rdacarrier 
500 |a Signatures: A⁴. 
500 |a Reproduction of the original in the British Library. 
510 4 |a Wing (2nd edition)  |c F2358A. 
510 4 |a Thomason  |c E.112[40]. 
533 |a Electronic reproduction.  |b Ann Arbor, Mich. :  |c UMI,  |d 1999-  |f (Early English books online)  |n Digital version of: (Thomason Tracts ; 20:E112[40])  |7 s1999 miun s 
600 0 0 |a Charles  |b I,  |c King of England,  |d 1600-1649  |v Early works to 1800. 
651 4 |a York (England)  |x History, Military  |v Early works to 1800. 
651 4 |a Great Britain  |x History  |y Civil War, 1642-1649  |v Early works to 1800. 
700 1 |a Stapleton, Philip,  |c Sir,  |d 1603-1647. 
710 1 |a England and Wales.  |b Parliament.  |b House of Lords.  |4 aut 
830 0 |a Early English books online. 
856 4 0 |u http://proxy.library.tamu.edu/login?url=https://search.proquest.com/docview/2240945178  |z Connect to the full text of this electronic book  |t 0 
999 f f |s 306f98fc-781f-3a5a-a60f-3db011fa4223  |i 81c848e6-1be4-3933-807b-b270483eed07  |t 0 
952 f f |a Texas A&M University  |b College Station  |c Electronic Resources  |d Available Online  |t 0  |h No information provided 
998 f f |t 0  |l Available Online